عرض عادي
عرض مارك
- Authors, American
مدخل مصطلح موضوعي
001 - رقم الضبط
- حقل الضبط: 7257
003 - معرف رقم الضبط
- حقل الضبط: OSt
005 - تاريخ ووقت أخر عملية
- حقل الضبط: 20111205152810.0
008 - عناصر بيانات ثابتة الطول
- حقل تحكم ثابت الطول: 111205|||a|||||| | ||| d
040 ## - مصدر الفهرسة
- هيئة الفهرسة الأصلية: OSt
- وكالة الكتابة: OSt
150 ## - مدخل-- مصطلح تاريخي
- عنصر مدخل المصطلح الموضوعي او الاسم الجغرافي: Authors, American
- تقسيم فرعي تاريخي: 19th century
- تفريع شكلي: Biography.
670 ## - بيانات المصدر موجوده
- الاستشهاد بالمصدر: Work cat.: (OSt)0: Twain, Mark, 1835-1910., Life on the Mississippi /, 1996
